000 00452nam a2200169Ia 4500
003 GCL
008 140319s9999 xx 000 0 eng d
040 _aGCL /
_cGCL
082 0 4 _a005,3
_bN L
100 1 _aNILSON, REY YARBOROUGH
245 1 0 _aTHE LITTLER SYSTEIN 7.1\7.5 BOOK /
_cNILSON, REY YARBOROUGH
260 _a[S.N] :
_bPEACHPIT PRESS ،
_c1994
300 _a198P
650 0 4 _aCOMPUTER
650 0 4 _aCOMPUTER PROCESSING
942 _2ddc
_cBK
999 _c10978
_d10978